000 00231nam a2200109Ia 4500
005 20251222142009.0
008 251222s9999||||xx |||||||||||||| ||spa||
082 _a370.192/U61
245 0 _aEducar:
264 _bUCSS
942 _cLIB
999 _c10256
_d10256